000 00953nam a22003017a 4500
001 BR7900591
003 BR-BrBNA
005 20230928085913.0
007 ta
008 230509b bl.||||| |||| 00| 0 por d
040 _aBR-BrBNA
_bpor
_cBiblioteca Nacional de Agricultura
041 _a(Por)
072 _aF28
_b3801
_b/G514
090 _ 3801 BR7900591
100 1 _aSilva, M.J. da
110 1 _aUniversidade Federal de Vicosa, MG (Brasil)
_0Tese (Magister Scientiae)
245 1 _aEfeito de diferentes metodos de recuperacao num solo com problemas de sodio, no projeto de irrigacao de Sao Goncalo - PB (Brasil)[Paraiba]
260 3 _aVicosa, MG (Brasil):
_c1978.
300 _a67 p.
500 _a20 tables; Bibliography p. 43-49 (65 ref.); Summary (Por)
650 _aRecuperacao do solo
650 _aSolo
650 _aSodio
650 _aSao Goncalo
650 _aParaiba
909 _a202309
_bLucia
_c55
_dLucia Elande
942 _cBK
999 _c26945
_d26945